|
|
|
|
| LEADER |
01573cas a2200253 a 4500 |
| 001 |
AALejournalIMF020461 |
| 008 |
230101c9999 xx r poo 0 0eng d |
| 020 |
|
|
|c 5.00 USD
|
| 020 |
|
|
|z 9781498342780
|
| 022 |
|
|
|a 2663-3493
|
| 040 |
|
|
|a BD-DhAAL
|c BD-DhAAL
|
| 110 |
2 |
|
|a International Monetary Fund.
|
| 245 |
1 |
0 |
|a Safeguards Assessments :
|b 2014 Update.
|
| 264 |
|
1 |
|a Washington, D.C. :
|b International Monetary Fund,
|c 2014.
|
| 300 |
|
|
|a 1 online resource (15 pages)
|
| 490 |
1 |
|
|a Policy Papers
|
| 500 |
|
|
|a <strong>Off-Campus Access:</strong> No User ID or Password Required
|
| 500 |
|
|
|a <strong>On-Campus Access:</strong> No User ID or Password Required
|
| 506 |
|
|
|a Electronic access restricted to authorized BRAC University faculty, staff and students
|
| 520 |
3 |
|
|a The safeguards policy aims to mitigate the potential risks of misuse of resources, including Fund resources, and misreporting of program monetary data. The policy, introduced in 2000, is an integral part of the Fund's financing policies and complements other safeguards, such as program design, conditionality, and access limits. Safeguards assessments of central banks of the borrowing member are required for almost all forms of Fund financing, and are followed by a period of monitoring for as long as Fund credit is outstanding.
|
| 538 |
|
|
|a Mode of access: Internet
|
| 651 |
|
7 |
|a Antigua and Barbuda
|2 imf
|
| 830 |
|
0 |
|a Policy Papers; Policy Paper ;
|v No. 2014/026
|
| 856 |
4 |
0 |
|z Full text available on IMF
|u http://elibrary.imf.org/view/journals/007/2014/026/007.2014.issue-026-en.xml
|z IMF e-Library
|